00350nam a2200145Ia 4500008004100000020001500041041001200056082001600068100001300084245003500097260003300132300000800165650001800173700001300191221030s9999 xx 000 0 und d a8174464271 aEnglish a105.23bKum aD. Kumar 0aManagement Information Systems bExcel BooksaNew Delhic2006 a478 aMBA Computers aS. Gupta